000 00794cab a2200265 4500
001 ABS54624
008 090401t1996 xxu||||| |||| 00| 0 eng d
035 _a(Sirsi) u11401
041 _aeng
100 _aMorphet, J.
245 _aCommission in a hurry to bite the transport bullet
260 _c1996
350 _a0
490 _aPlanning (for the Natural and Built Environment)
_v(1155) 9 February 1996, 24-25(2)
520 _aConsiders European Commission transport policy as defined in two recently published papers.
650 _aCITIZENS NETWORK
650 _aEUROPE
650 _aEUROPEAN UNION
650 _aPUBLIC TRANSPORT
650 _aTRANSPORT POLICY
690 _aOVERSEAS-EUROPE
690 _aTRANSPORT AND COMMUNICATIONS
942 _n0
948 _c04/03/1997
999 _c7265
_d7265